Normal view
MARC view
- E-in-C Branch Rwp
Entry Personal Name
001 - CONTROL NUMBER
- control field: 47291
003 - CONTROL NUMBER IDENTIFIER
- control field: NUST
005 - DATE AND TIME OF LATEST TRANSACTION
- control field: 20210314133802.0
008 - FIXED-LENGTH DATA ELEMENTS
- fixed length control field: 210314|| aca||aabn | a|a d
040 ## - CATALOGING SOURCE
- Original cataloging agency: NUST
- Transcribing agency: NUST
100 ## - HEADING--PERSONAL NAME
- Personal name: E-in-C Branch Rwp
670 ## - SOURCE DATA FOUND
- Source citation: Work cat.: (NUST): E-in-C Branch Rwp, MES Routine Instructions, 2005
